Local H- As Good As Dead Tracklist - Statistics

General Stats
  • This quiz has been taken 14 times
  • The average score is 9 of 13
Answer Stats
Hint Answer % Correct
Track 3 Bound for the Floor
100%
Track 8 Eddie Vedder
90%
Track 11 Fritz's Corner
80%
Track 2 High-Fiving MF
70%
Track 7 Nothing Special
70%
Track 9 Back in the Day
60%
Track 10 Freeze-Dried (F)lies
60%
Track 5 I Saw What You Did and I Know Who You Are
60%
Track 4 Lovey Dovey
60%
Track 6 No Problem
60%
Track 12 O.K.
60%
Track 1 Manifest Destiny Pt. 1
50%
Track 13 Manifest Destiny Pt. 2
50%
No matching quizzes found
Score Distribution
Percent of People with Each Score
Percentile by Number Answered
Your Score History
You have not taken this quiz